[Event "LXV C.to Italiano"]
[Site "Cremona ITA"]
[Date "2005.11.26"]
[Round "4"]
[White "Ronchetti, Niccolo'"]
[Black "Contin, Daniel"]
[Result "1/2-1/2"]
[WhiteElo "2402"]
[BlackElo "2385"]
[PlyCount "24"]
[EventDate "2005.11.23"]

1. d4 e6 2. c4 Nf6 3. Nc3 c5 4. Nf3 cxd4 5. Nxd4 Bb4 6. Ndb5 a6 7. Nd6+ Ke7 8.
Nxc8+ Qxc8 9. e3 Ne4 10. Qd4 Nf6 11. Bd2 Nc6 12. Qh4 h6 1/2-1/2